Statistiques concernant Pays frontaliers les moins peuplés

Cliquez ici pour prendre le quiz!

Statistiques générales

  • Ce quiz a été pris 1 769 fois
  • Le résultat moyen est 11 sur 25

Statistiques - réponses

Pays% Correct
Suisse
69%
Liechtenstein
66%
Autriche
60%
Kosovo
59%
Slovénie
58%
Albanie
57%
Croatie
57%
Macédoine du Nord
57%
Monténégro
57%
Serbie
57%
Bosnie-Herzégovine
55%
Estonie
49%
Lettonie
49%
Lituanie
49%
Suriname
35%
Guyana
34%
Arménie
33%
Géorgie
33%
Djibouti
26%
Érythrée
24%
République du Congo
20%
Gabon
19%
Guinée équatoriale
18%
Namibie
17%
Botswana
15%

Distribution des résultats

Percentile par nombre de réponses

% des personnes avec chaque résultat

Votre développement - résultats

Vous n’avez pas pris ce quiz